Nockebybanan - Statistics

General Stats
  • This quiz has been taken 26 times
  • The average score is 8 of 10
Answer Stats
Answer % Correct
Alvik
100%
Nockeby
100%
Nockeby torg
89%
Ålstens gård
83%
Ålstensgatan
83%
Smedslätten
78%
Alleparken
72%
Höglandstorget
72%
Klövervägen
72%
Olovslund
72%
No matching quizzes found
Score Distribution
Percent of People with Each Score
Percentile by Number Answered
Your Score History
You have not taken this quiz